000 01027nam a22002777a 4500
999 _c12950
_d12950
003 MIRAKIL
005 20190314140941.0
008 190314b tu ||||| |||| 00| 0 tur d
020 _a9751908159 (Tk no.)
020 _a9751908167 (1.cilt)
020 _a9751908175 (2.cilt)
040 _aTR-AnCHP
_cTR-AnCHP
041 _atur
082 _a956.100491992
_bH97e 1998
100 _aHüseyin Nazım Paşa
245 1 0 _aErmeni olayları tarihi 1-2 /
_cHüseyin Nazım Paşa ; hazırlayanlar: Necati Aktaş, Mustafa Oğuz, Mustafa Küçük
260 _aAnkara :
_bDevlet Arşivleri Genel Müdürlüğü,
_c1998.
300 _ac <1,2> :
_c24 sm.
490 0 _aDevlet Arşivleri Genel Müdürlüğü Osmanlı Arşivi Daire Başkanlığı ;
_vyayın nu: 15
650 0 _9710
_aOsmanlı İmparatorluğu
_xTarih
_xErmeniler
650 0 _95447
_aErmeni olayları
_xTarih
_xBelgeler
700 _95455
_aAktaş, Necati
_ehaz.
700 _95456
_aOğuz, Mustafa
_ehaz.
700 _95457
_aKüçük, Mustafa
_ehaz.
942 _2ddc
_cBKS